ARRUPE JESUIT UNIVERSITY

CORONAVIRUS -STOP THE SPREAD - CLEAN,DISINFECT,COVER

The unconquered isle; (Record no. 120457)

MARC details
000 -LEADER
fixed length control field 00972nam a2200277 4500
001 - CONTROL NUMBER
control field 1581608
003 - CONTROL NUMBER IDENTIFIER
control field ARRUPE
005 - DATE AND TIME OF LATEST TRANSACTION
control field 20140505140936.0
008 - FIXED-LENGTH DATA ELEMENTS--GENERAL INFORMATION
fixed length control field 751009s1943 enkabch 000 0 eng c
010 ## - LIBRARY OF CONGRESS CONTROL NUMBER
LC control number a 44000354
035 ## - SYSTEM CONTROL NUMBER
System control number (OCoLC)ocm01687622
040 ## - CATALOGING SOURCE
Original cataloging agency Harvard Univ. Library.
Transcribing agency FDA
Modifying agency FDA
-- ZCU
050 1# - LIBRARY OF CONGRESS CALL NUMBER
Classification number D763.M3
Item number B415
082 ## - DEWEY DECIMAL CLASSIFICATION NUMBER
Classification number 940.53458
300 ## - PHYSICAL DESCRIPTION
Other physical details incl. front. (facsim.) plates, ports.
Dimensions 19 cm.
100 1# - MAIN ENTRY--PERSONAL NAME
Personal name Hay, Ian.
9 (RLIN) 10060
245 14 - TITLE STATEMENT
Title The unconquered isle;
Remainder of title the story of Malta, G. C.,
Statement of responsibility, etc by Ian Hay [pseud.]
260 ## - PUBLICATION, DISTRIBUTION, ETC. (IMPRINT)
Place of publication, distribution, etc London,
Name of publisher, distributor, etc Hodder & Stoughton limited
Date of publication, distribution, etc [1943]
300 ## - PHYSICAL DESCRIPTION
Extent 208 p.
500 ## - GENERAL NOTE
General note Maps on lining-papers.
500 ## - GENERAL NOTE
General note American edition (New York, London, D. Appleton-Century company) with somewhat different arrangeent of text, has title: Malta epic.
500 ## - GENERAL NOTE
General note "First printed, 1943."
650 #0 - SUBJECT ADDED ENTRY--TOPICAL TERM
Topical term or geographic name as entry element World War, 1939-1945
Geographic subdivision Malta.
9 (RLIN) 10061
651 #0 - SUBJECT ADDED ENTRY--GEOGRAPHIC NAME
Geographic name Malta
General subdivision History.
9 (RLIN) 10062
942 ## - ADDED ENTRY ELEMENTS (KOHA)
Source of classification or shelving scheme Library of Congress Classification
Koha item type Monograph ( Printed materials)
Holdings
Withdrawn status Lost status Source of classification or shelving scheme Damaged status Not for loan Collection code Home library Current library Shelving location Date acquired Total Checkouts Full call number Barcode Date last seen Price effective from Koha item type
    Library of Congress Classification     Main Collection ARRUPE LIBRARY ARRUPE LIBRARY Main Collection 05/05/2014   D763.M3 B415 46500001592 05/05/2014 05/05/2014 Monograph ( Printed materials)

 

Arrupe Library. PO Box MP320 Mt Pleasant, Harare, Zimbabwe
263 242 745411|librarian@aju.ac.zw